Responses for Show #7320 - Friday, June 10, 2016

Hunter Appler game 3.
WE ASKED: Artist Lin-Manuel Miranda.

Contestants

[<< previous game]

Anna Kata, a graduate student in public health from Hamilton, Ontario, Canada

Rick Doyon, a higher education administrator from Somerville, Massachusetts

Hunter Appler, an attorney originally from Mount Airy, North Carolina (whose 2-day cash winnings total $44,601)

[next game >>]

Jeopardy! Round responses

BASKET WEAVING
WORD ORIGINS
JAPANESE CITIES
AWARDS
HERE'S TO 50 GREAT YEARS
THAT'S MY DEPARTMENT!
    $200 1
(Rick: What is bistro?)
(Anna: What is café?)

saloon

RickAnna
Triple Stumper
    $200 22
(Alex: Yes, with less than a minute to go.)

Tokyo

Rick
    $200 17
(Rick: What is Brooklyn?)
...
(Alex: You are correct, and with the Tony Awards coming up this weekend, you know he's going to win a lot of Tonys because he created Hamilton. Great musical.)

Manhattan

HunterRick
    $200 7
(Rick: What is South Africa?)

India

RickAnna
    $200 12
State

Hunter
    $400 2
purgatory

Anna
    $400 18
Quentin Tarantino

Rick
    $400 8
Spain

Hunter
    $400 13
Treasury

Rick
    $600 4
[Rick chuckles upon being ruled right.]
(Alex: Don't you hate it when you're giving a correct response, but you're giving it like this? [Shakes head])
[Laughter]
(Rick: I know. I'm sorry.)
(Alex: That's all right.)

toast

Rick
    $600 19
Sandy Koufax

Rick
    $600 9
Compromise

Hunter
    $600 14
Labor

Rick
    $800 3
jai alai

Hunter
    $800 5
(Hunter: What is potpourri?)
(Anna: What is a sachet?)

pomander

HunterAnna
Triple Stumper
    $800 24
Toyota

Anna
    $800 20
The West Wing

Hunter
    $800 10
Brink's

Rick
    $800 15
Education

Rick
    $1000 25
[The end-of-round signal sounds.]

warp

Hunter
    $1000 6
(Hunter: What are spoils?)
(Rick: What is bounty?)

plunder

HunterRick
Triple Stumper
    $2,000 23
(Rick: What is Osaka?)

Kyoto

Rick
    $1000 21
Bob Newhart

Triple Stumper
    $1000 11
Interregnum

Hunter
    $1000 16
Agriculture

Rick

Scores at the first commercial break (after clue 14):

Hunter Rick Anna
$1,200 $1,000 -$400

Scores at the end of the Jeopardy! Round:

Hunter Rick Anna
$3,200 $1,800 $400

Double Jeopardy! Round responses

THESPIANISTS
RELIGIOUS LANDMARKS
ITALIAN FOOD
"OO" IN THE MIDDLE, SORRY
(Alex: Each correct response will have a double "O" in exactly the center of the word.)
VICTORIAN VERSE
LADIES & GENTLEMEN... THE BEETLES!
(Alex: Notice the spelling there, though.)
    $400 6
Jeff Bridges

Rick
    $400 13
(Hunter: What is the Church of the [*]? Mormon [*]?)

Tabernacle

Hunter
    $400 19
(Rick: What is a--a sheep?)
(Alex: We'll--no.)

a goat

HunterRick
    $400 9
a rook

Hunter
    $400 27
Gunga Din

Hunter
    $400 2
(Anna: What is a lady beetle? [*]?)
(Alex: No. [*]. Yes, you corrected yourself in time. Good for you.)

ladybug

Anna
    $800 7
Great Balls of Fire!

Rick
    $800 14
Notre Dame

Rick
    $800 20
gelato

Rick
    $800 10
noon

Hunter
    $1,000 28
(Alex: Hunter?)
(Hunter: I don't know.)

the Pied Piper of Hamelin

Hunter
    $2,000 3
(Anna: What is a pharaoh beetle?)

a Goliath beetle

Anna
    $1200 8
(Roman) Polanski

Hunter
    $1200 16
(Anna: What is Mecca?)
...
(Alex: [*] in Mecca.)

the Kaaba

HunterAnna
    $1200 21
orzo

Hunter
    $1200 11
moor

Rick
    $1200 29
[The end-of-round signal sounds.]

Galahad

Triple Stumper
    $1200 24
the thorax

Anna
    $1600 12
Holly Hunter

Hunter
    $1600 17
Myanmar (Burma accepted)

Rick
    $1600 22
clams

Triple Stumper
    $1600 5
the groove

Rick
    $1600 25
a rhinoceros

Hunter
    $2000 15
Jack Nicholson

Rick
    $2000 18
Sikh

Rick
    $2000 23
panzanella

Triple Stumper
    $2000 1
a balloonist

Hunter
    $2000 4
A Shropshire Lad

Triple Stumper
    $2000 26
click

Rick

Scores at the end of the Double Jeopardy! Round:

Hunter Rick Anna
$13,400 $14,600 -$1,200

[wagering suggestions for these scores]

Final Jeopardy! Round responses

FAMOUS AMERICANS
(Alex: [To Hunter] He was referring to exiting the lander on the Moon.)
HunterWho is Collins? Armstrong?
$13,399
RickWho is Sullenburger?
$12,201
Neil Armstrong

Final scores:

Hunter Rick Anna
$26,799 $2,399 -$1,200
3-day champion: $71,400 2nd place: $2,000 3rd place: $1,000

Game dynamics:

Coryat scores:

Hunter Rick Anna
$14,400 $16,600 $800
19 R,
3 W
(including 1 DD)
19 R,
6 W
(including 1 DD)
5 R,
4 W
(including 1 DD)

Combined Coryat: $31,800

[game clues] [game scores] [suggest correction]

Game tape date: Unknown
The J! Archive is created by fans, for fans. Scraping, republication, monetization, and malicious use prohibited; this site may use cookies and collect identifying information. See terms. The Jeopardy! game show and all elements thereof, including but not limited to copyright and trademark thereto, are the property of Jeopardy Productions, Inc. and are protected under law. This website is not affiliated with, sponsored by, or operated by Jeopardy Productions, Inc. Join the discussion at JBoard.tv.